00478nam a22001697a 4500003001100000005001700011008004100028040003900069041000800108082001500116100002100131245006300152260003000215300000900245650003000254650002400284LK-CoMWRAF20240527130338.0231212b |||||||| |||| 00| 0 eng d aLK-CoMWRAFdLK-CoMWRAFeLK-CoMWRAF aeng a305.8bMOH aMohideen, M.I.M. aTamil-muslim ethnic conflict in the east:b20-30 June 2002 aColombo:b[Author],c2002 a8 p. aETHNIC CONFLICT-Sri Lanka aCivil war-Sri Lanka